| 000 | 00486cam a2200193 4500 | ||
|---|---|---|---|
| 001 | D4134 | ||
| 008 | 090401t1978 xxu||||| |||| 00| 0 eng d | ||
| 035 | _a(Sirsi) u98274 | ||
| 041 | _aeng | ||
| 050 | _a600.24 | ||
| 100 | _aGraham, H. | ||
| 245 | _aFinancial control of building maintenance | ||
| 260 |
_aAscot _bInstitute of Building _c1978 |
||
| 300 | _a11 leaves. 30cm | ||
| 350 | _a0 | ||
| 490 |
_aIOB Maintenance Information Service _v6 |
||
| 942 | _n0 | ||
| 948 | _c04/03/1997 | ||
| 999 |
_c99143 _d99143 |
||